000
00247nam a2200097Ia 4500
001
1045465
005
20250826232159.0
008
250824s9999 xx 000 0 und d
245
0
_a
TEDİRGİN BİR YAZAR
_c
YUSUF ATILGAN
260
_b
DESTEK YAYINLARI
999
_c
1045465
_d
1045465